Państwa które produkują najwięcej syropu klonowego. - Statystyki

Ogólne statystyki
  • Ten quiz został rozwiązany 22 razy
  • Średni wynik to 12 z 20
Statystyki odpowiedzi
# Odpowiedź % Poprawnych
1 Kanada
100%
2 Stany zjednoczone
95%
6 Francja
74%
17 Hiszpania
74%
5 Niemcy
74%
11 Szwecja
74%
7 Wielka brytania
74%
14 Włochy
74%
12 Australia
68%
19 Polska
68%
8 Belgia
63%
10 Czechy
63%
4 Dania
63%
3 Holandia
63%
13 Wegry
63%
9 Irlandia
58%
18 Indonezja
42%
20 Tajlandia
26%
15 Zjednoczone emiraty arabskie
5%
16 Dżibuti
0%
Nie znaleziono quizów pasujących do podanych kryteriów
Rozkład punktacji
Procent ludzi z każdym wynikiem
Percentyl według liczby udzielonych odpowiedzi
Twoja historia wyników
Nie rozwiązałeś tego quizu